Les premiers logo des clubs de foot français #1 - Statistiques

Statistiques générales
  • Ce quiz a été pris 1 588 fois
  • Le résultat moyen est 9 sur 20
Statistiques - réponses
Par images Réponse % Correct
Olympique Lyonnais
93%
Olympique de Marseille
92%
AC Ajaccio
88%
AS Saint-Etienne
76%
FC Lorient
75%
LOSC Lille
69%
FC Nantes
66%
FC Sochaux-Montbéliard
53%
Paris SG
49%
Stade Rennais FC
43%
RC Lens
41%
OGC Nice
39%
AS Nancy Lorraine
38%
FC Girondins de Bordeaux
34%
Le Mans FC
23%
CS Sedan Ardennes
9%
SM Caen
9%
Toulouse FC
7%
Amiens SC
6%
Valenciennes FC
1%
Aucun quiz correspondant
Distribution des résultats
% des personnes avec chaque résultat
Percentile par nombre de réponses
Votre historique - résultats
Vous n’avez pas pris ce quiz